2012 and the end of the world (Record no. 136736)
[ view plain ]
| 000 -LEADER | |
|---|---|
| fixed length control field | 01791nam a2200445Ia 4500 |
| 082 04 - DEWEY DECIMAL CLASSIFICATION NUMBER | |
| Classification number | 236/.9 |
| 100 1# - MAIN ENTRY--AUTHOR NAME | |
| Personal name | Restall, Matthew, |
| 245 10 - TITLE STATEMENT | |
| Title | 2012 and the end of the world |
| 260 ## - PUBLICATION, DISTRIBUTION, ETC. (IMPRINT) | |
| Place of publication | Lanham, MD : |
| Name of publisher | Rowman & Littlefield : |
| -- | Distributed by National Book Network, |
| Year of publication | c2011. |
| 300 ## - PHYSICAL DESCRIPTION | |
| Number of Pages | xi, 147 p. : |
| Other physical details | ill., map. |
| 650 #0 - SUBJECT ADDED ENTRY--TOPICAL TERM | |
| Topical Term | Two thousand twelve, A.D. |
| Topical Term | Maya calendar. |
| Topical Term | Maya philosophy. |
| Topical Term | Prophecies. |
| Topical Term | End of the world. |
| Topical Term | Millennialism. |
| Topical Term | Civilization, Western. |
| Topical Term | Civilization, Medieval. |
| 700 1# - ADDED ENTRY--PERSONAL NAME | |
| Personal name | Solari, Amara, |
| 856 40 - ELECTRONIC LOCATION AND ACCESS | |
| Uniform Resource Identifier | http://site.ebrary.com/lib/rucke/Doc?id=10447169 |
No items available.
